Penn State Head Football Coaches by Picture - Statistics

General Stats
  • This quiz has been taken 18 times
  • The average score is 4 of 17
Answer Stats
Picture Hint Answer % Correct
2014-Present James Franklin
100%
1966-2011 Joe Paterno
100%
2012-2014 Bill O'Brien
94%
1950-1965 Rip Engle
31%
2011 Tom Bradley
25%
1918-1929 Hugo Bezdek
13%
1909 | 1911-1914 Bill Hollenback
6%
1930-1948 Bob Higgins
6%
1903 Daniel A. Reed
6%
1915-1917 Dick Harlow
6%
1892-1895 George W. Hoskins
6%
1910 Jack Hollenback
6%
1949 Joe Bedenk
6%
1900-1902 Pop Golden
6%
1899 Sam Boyle
6%
1896-1898 Samuel B. Newton
6%
1904-1908 Tom Fennell
6%
No matching quizzes found
Score Distribution
Percent of People with Each Score
Percentile by Number Answered
Your Score History
You have not taken this quiz